Ceni i cenoobrazuvane Na primera na stroitelstvoto

Gespeichert in:
Bibliographische Detailangaben
1. Verfasser: Pechlinov, Vasil Žekov
Weitere Verfasser: Monev, Petko Genčev
Format: Buch
Sprache:Bulgarisch
Veröffentlicht: Varna Visš institut za narodno stopanstvo "Dimitar Blagoev" 1988
Ausgabe:1. ed.
Tags: Tag hinzufügen
Keine Tags, Fügen Sie das erste Tag hinzu!

MARC

LEADER 00000nam a2200000 4500
001 c032202
005 20221219132900.8
041 0 |a bul 
044 |a BG 
245 1 0 |a Ceni i cenoobrazuvane  |b Na primera na stroitelstvoto  |c Vasil Žekov Pechlinov, Petko Genčev Monev 
250 |a 1. ed. 
264 1 |a Varna  |b Visš institut za narodno stopanstvo "Dimitar Blagoev"  |c 1988 
300 |a 216 s. 
100 1 |a Pechlinov, Vasil Žekov 
700 1 |a Monev, Petko Genčev